Štruktúra medzinárodných organizácií

Medzinárodné organizácie ako aktéri medzinárodných vzťahov. Povaha uznesení medzinárodných organizácií. Výsady a imunity medzinárodných organizácií a ich zamestnancov. Sídlo medzinárodnej organizácie. Rozpočet medzinárodných organizácií.

Saved in:
Bibliographic Details
Main Author: Mráz, Stanislav
Format: Book Chapter
Language:Slovak
Subjects:
Tags: Add Tag
No Tags, Be the first to tag this record!

MARC

LEADER 00000naa$a2200000$$$4500
001 0062743
005 20231215101109.9
041 0 |a slo 
044 |a SK 
245 1 0 |a Štruktúra medzinárodných organizácií  |c Stanislav Mráz 
520 |a Medzinárodné organizácie ako aktéri medzinárodných vzťahov. Povaha uznesení medzinárodných organizácií. Výsady a imunity medzinárodných organizácií a ich zamestnancov. Sídlo medzinárodnej organizácie. Rozpočet medzinárodných organizácií. 
610 2 0 |a organizácia 
610 2 0 |a štruktúra organizačná 
610 2 0 |a rozpočet nákladov 
610 2 0 |a zamestnanci 
610 2 0 |a vzťahy medzinárodné 
100 1 |a Mráz, Stanislav